El Ingenioso Hidalgo D. Quijote de la Mancha (Record no. 2210)
[ view plain ]
| 000 -CABECERA | |
|---|---|
| campo de control de longitud fija | 01965nam a2200337 a 4500 |
| 001 - NÚMERO DE CONTROL | |
| campo de control | BRCA_2469 |
| 005 - FECHA Y HORA DE LA ÚLTIMA TRANSACCIÓN | |
| campo de control | 20190320203826.0 |
| 008 - DATOS DE LONGITUD FIJA--INFORMACIÓN GENERAL | |
| campo de control de longitud fija | 191108s1832----sp-a---###---#000-0#spa-u |
| 041 ## - CÓDIGO DE LENGUA | |
| Código de lengua del texto/banda sonora o título independiente | spa |
| 044 ## - CÓDIGO DEL PAÍS DE LA ENTIDAD EDITORA/PRODUCTORA | |
| Código MARC del país | sp |
| 084 ## - OTRO NÚMERO DE CLASIFICACIÓN | |
| Número de clasificación | 109 |
| Número de documento/Ítem | .G68 |
| -- | 1832 |
| 100 1# - ENTRADA PRINCIPAL--NOMBRE DE PERSONA | |
| Nombre de persona | Cervantes Saavedra, Miguel de |
| Fechas asociadas al nombre | 1547-1616 |
| 9 (RLIN) | 213 |
| 245 10 - MENCIÓN DE TÍTULO | |
| Título | El Ingenioso Hidalgo D. Quijote de la Mancha |
| Mención de responsabilidad, etc. | compuesto por Miguel de Cervantes Saavedra. |
| 260 ## - PUBLICACIÓN, DISTRIBUCIÓN, ETC. | |
| Lugar de publicación, distribución, etc. | Barcelona |
| Nombre del editor, distribuidor, etc. | Viuda e hijos de Gorchs |
| Fecha de publicación, distribución, etc. | 1832 |
| 300 ## - DESCRIPCIÓN FÍSICA | |
| Extensión | 6 v. |
| Otras características físicas | il. |
| Dimensiones | 29 cm. |
| Material acompañante/anejo | 1 mapa |
| 500 ## - NOTA GENERAL | |
| Nota general | Contenido : v 1. Primera parte. Advertencia del editor. Dedicatoria del editor. Dedicatoria. Prólogo del autor. Versos preliminares. Mapa de los viajes de D. Quijote. Texto. -- v 2. Texto. -- v 3. Segnda parte. Principios de la edición príncipe. Dedicatoria. Prólogo del autor. Texto. -- v 4. Texto. -- v 5. Análisis del Quijote por V. de los Ríos. Vida de M. de Cervantes Saavedra por M.F. de Navarrete. -- v 6. Anotaciones al Ingenioso Hidalgo Don Quijote de la Mancha por Joaquín Bastes y Carrera |
| 500 ## - NOTA GENERAL | |
| Nota general | Edición : Nueva edición conforme en todo la última de la Real Academia Española, y con las notas de J. A. Pellicer |
| 500 ## - NOTA GENERAL | |
| Nota general | Ejemplar por completo igual al LO-108. La encuadernación y los adornos son inferiores a los del ejemplar LO-108 Lúdovik Osterc |
| 500 ## - NOTA GENERAL | |
| Nota general | Existencias : El ejemplar descrito carece del volúmen 2 |
| 500 ## - NOTA GENERAL | |
| Nota general | QM87 |
| 650 14 - PUNTO DE ACCESO ADICIONAL DE MATERIA--TÉRMINO DE MATERIA | |
| Término de materia o nombre geográfico como elemento de entrada | Novela española |
| Subdivisión cronológica | Época clásica, 1500-1700 |
| 9 (RLIN) | 215 |
| 650 14 - PUNTO DE ACCESO ADICIONAL DE MATERIA--TÉRMINO DE MATERIA | |
| Término de materia o nombre geográfico como elemento de entrada | Literatura española |
| Subdivisión cronológica | Época clásica, 1500-1700 |
| 9 (RLIN) | 216 |
| 650 14 - PUNTO DE ACCESO ADICIONAL DE MATERIA--TÉRMINO DE MATERIA | |
| Término de materia o nombre geográfico como elemento de entrada | Novela española |
| Subdivisión cronológica | Siglo XVII |
| 9 (RLIN) | 217 |
| 650 14 - PUNTO DE ACCESO ADICIONAL DE MATERIA--TÉRMINO DE MATERIA | |
| Término de materia o nombre geográfico como elemento de entrada | Don Quijote (Personaje ficticio) |
| Término indicativo de función/relación | Novela |
| 9 (RLIN) | 218 |
| 700 1# - PUNTO DE ACCESO ADICIONAL--NOMBRE DE PERSONA | |
| Nombre de persona | Pellicer y Pilares, Juan Antonio |
| Fechas asociadas al nombre | 1738-1806 |
| Término indicativo de función/relación | Biógrafo |
| 9 (RLIN) | 7161 |
| 700 1# - PUNTO DE ACCESO ADICIONAL--NOMBRE DE PERSONA | |
| Nombre de persona | Ríos, Vicente de los |
| Fechas asociadas al nombre | 1732-1779 |
| Término indicativo de función/relación | Biógrafo |
| 9 (RLIN) | 7162 |
| 700 1# - PUNTO DE ACCESO ADICIONAL--NOMBRE DE PERSONA | |
| Nombre de persona | Fernández de Navarrete, Martín |
| Fechas asociadas al nombre | 1765-1844 |
| Término indicativo de función/relación | Biógrafo |
| 9 (RLIN) | 7163 |
| 740 0# - PUNTO DE ACCESO ADICIONAL--TÍTULO RELACIONADO O ANALÍTICO NO CONTROLADO | |
| Título relacionado o analítico no controlado | El Ingenioso Hidalgo Don Quijote de la Mancha |
| 902 ## - CATALOGADOR | |
| Iniciales | QFM |
| 942 ## - ELEMENTOS DE PUNTO DE ACCESO ADICIONAL (KOHA) | |
| Fuente del sistema de clasificación o colocación | Library of Congress Classification |
| Tipo de ítem Koha | Libros |
| Estado de retiro | Estado de pérdida | Estado dañado | No para préstamo | Localización permanente | Ubicación/localización actual | Fecha de adquisición | Número de inventario | Total de préstamos | Signatura topográfica completa | Código de barras | Fecha visto por última vez | Precio válido a partir de | Tipo de ítem Koha |
|---|---|---|---|---|---|---|---|---|---|---|---|---|---|
| El ejemplar forma parte de la colección y puede ser consultado según las políticas vigentes. | Biblioteca del Museo Franz Mayer (Rogerio Casas-Alatriste) | Biblioteca del Museo Franz Mayer (Rogerio Casas-Alatriste) | 19/11/2008 | QM87 | 109 .G68 1832 (QM87) | 2466 | 22/03/2019 | 22/03/2019 | Libros |